00379nam a2200145Ia 4500008004100000020001500041082001500056100002500071245004100096250000800137260002500145300001000170500002400180650002900204230524s9999 xx 000 0 und d a0079602179 a338.6bPRA aPradeep N.Khandwella 0aOrganisational Design for Excellence a1ST aNEW DELHIbTMHc2003 aX;317 aQuantity Number: 7 aOrganisational Behaviour